| 000 | 00478nam a2200133Ia 4500 | ||
|---|---|---|---|
| 008 | 220216s9999 xx 000 0 und d | ||
| 100 | _aHaridasan V. | ||
| 245 | 0 | _aHistory of the rubber plantation industry in India | |
| 260 |
_bIn: Handbook of natural rubber production in India. (Ed. P.N. Radhakrishna Pillay). Rubber Research Institute of India, Kottayam, India, pp. 3-12. _c1980 |
||
| 650 | _aHistory | ||
| 650 | _aRubber plantation | ||
| 700 | _aNair V.K.G. | ||
| 942 | _cBS | ||
| 999 |
_c49823 _d49823 |
||